| 000 | 00436nam a2200133 a 4500 | ||
|---|---|---|---|
| 001 | 000038299 | ||
| 005 | 20201002031222.0 | ||
| 008 | 130408s2001 dr a 000 0 spa d | ||
| 040 |
_aDO-SdBNP _bspa _cBNPHU |
||
| 100 | 1 |
_aTejera, Eloy Alberto _964665 |
|
| 245 | 1 | 3 |
_aEl día que Balaguer muera / _cEloy Alberto Tejera ; cuidado de edición Solangel Valdez. |
| 260 |
_aSanto Domingo : _bEl Siglo , _c2001. |
||
| 300 |
_a157 p. : _bil. ; _c21 cm. |
||
| 999 |
_c37789 _d37789 |
||